O Ministério Público de Robespierre : (Record no. 1172)

MARC details
000 -LÍDER
Campo Fixo de Controle 00615nam a2200193 a 4500
001 - NÚMERO DE CONTROLE
Campo de Controle 1172
003 - IDENTIFICAÇÃO DO NÚMERO DE CONTROLE
Campo de Controle BR-CuiBMT
005 - DATA E HORA DA ÚLTIMA ATUALIZAÇÃO
Campo de Controle 20231130190819.0
008 - DADOS FIXOS
Dados Fixos 231130s2004 dtb 000 0 por d
040 ## - AGÊNCIA CATALOGADORA
Código da Agência Catalogadora BR-CuiBMT
Agência que transcreveu o registro BR-CuiBMT
080 ## - Nº DA CLASSIFICAÇÃO DECIMAL UNIVERSAL
Nº edição CDU 2007
Nº Class. CDU 347.963
090 ## - NÚMERO DE CHAMADA
Nº classificação 347.963
Cutter M216m
100 1# - ENTRADA PRINCIPAL -- AUTOR PESSOAL
Nome pessoal Mahon, Eduardo
245 12 - TÍTULO PRINCIPAL
Título principal O Ministério Público de Robespierre :
Subtítulo uma repreensão jurídico-constitucional às pretensões investigativas do Ministério Público /
Indicação de responsabilidade Eduardo Mahon.
260 ## - PUBLICAÇÃO, DISTRIBUIÇÃO, ETC.
Local de publicação Brasília :
Editora Envelopel,
Data 2004.
300 ## - DESCRIÇÃO FÍSICA
N. páginas ou volumes 262 p. :
Dimensões 22 cm
650 ## - ASSUNTO TÓPICO
Cabeçalho tópico ou nome geográfico Ministério Público
942 ## - ELEMENTOS DE ENTRADA ADICIONAIS (KOHA)
Fonte de classificação ou esquema de arquivamento Classificação Decimal Universal
Tipo de item do Koha Livros
Holdings
Estado: removido Estado: perdido Fonte de classificação ou esquema de arquivamento Estado: danificado Indisponível para empréstimo Localização permanente Localização atual Data de aquisição Total Checkouts Número de Chamada completo Código de barras Date last seen Número do exemplar Preço efetivo a partir de Tipo de item (Koha)
    Classificação Decimal Universal     Biblioteca da Escola Superior de Contas do TCE/MT Biblioteca da Escola Superior de Contas do TCE/MT 30/11/2023   347.963 M216m BIBTCEMT23111393 30/11/2023 Ex. 1 30/11/2023 Livros

Powered by Koha